| 000 | 01233cam a2200325 a 4500 | ||
|---|---|---|---|
| 001 | 2618 | ||
| 005 | 20260128142710.0 | ||
| 020 | _a9780439023481 (alk. paper) | ||
| 020 | _a9780439023528 | ||
| 020 | _a0439023483 (alk. paper) | ||
| 040 |
_aDLC _cDLC _dDLC _beng |
||
| 050 | 0 | 0 |
_aPZ7.C6837 _bHun 2008 |
| 082 | 0 | 0 |
_a813.6 _222 |
| 100 | 1 | _aCollins, Suzanne | |
| 245 | 1 | 4 |
_aThe Hunger Games / _cby Suzanne Collins |
| 250 | _aFirst Scholastic paperback printing, September 2009 | ||
| 260 |
_aNew York : _bScholastic Press, _c2008 |
||
| 300 |
_a374 pages : _c21 cm |
||
| 505 | _aO | ||
| 520 | _aIn a future North America, where the rulers of Panem maintain control through an annual televised survival competition pitting young people from each of the twelve districts against one another, sixteen-year-old Katniss's skills are put to the test when she voluntarily takes her younger sister's place. | ||
| 521 |
_a810 _bLexile |
||
| 521 |
_aO _bRaz-Plus |
||
| 650 | 1 |
_aSurvival _vFiction. |
|
| 650 | 1 |
_aTelevision programs _vFiction. |
|
| 650 | 1 |
_aInterpersonal relations _vFiction. |
|
| 650 | 1 |
_aContests _vFiction. |
|
| 650 | 1 | _aScience fiction. | |
| 906 |
_a7 _bcbc _corignew _d1 _eecip _f20 _gy-gencatlg |
||
| 942 |
_2ddc _cBK _n0 |
||
| 999 |
_c2618 _d2618 |
||